| 000 | 01170nam a2200289 c 4500 | ||
|---|---|---|---|
| 999 |
_c188385 _d188385 |
||
| 003 | BLK | ||
| 005 | 20221205091153.0 | ||
| 008 | 180411b bul|||||r ||||||| ||bul|| | ||
| 010 | _aKNG00197403000 | ||
| 040 | _aBLK | ||
| 041 |
_aBUL _cBUL |
||
| 080 |
_aАвстрийска литература _b821.112(436) _x-31 _z821.112(436)-31 |
||
| 100 | 1 |
_aХандке, Петер _eпърви автор _9136052 |
|
| 139 |
_aХандке, Петер _bХ 25 |
||
| 245 | 1 | 0 |
_aКратко писмо за дълга раздяла _bРоман _cПетер Хандке; прев. от нем. Мария Савова. |
| 257 | _aBGR | ||
| 260 |
_bНар. култура _c1981 _fЯмбол : Г. Димитров _aСофия |
||
| 300 |
_a208 с. _c20 см |
||
| 380 | _aX | ||
| 500 | _aОриг. загл. Der kurze Brief zum langen Abschied. - 25 125 тир. - Съдържа и повест Нещастие без ропот. | ||
| 700 | 1 |
_aСавова, Мария _eпрев. от нем. _9370645 |
|
| 852 | _aЦб 111175 | ||
| 856 | 4 |
_qpdf _i0.00 _ldisable |
|
| 856 | 4 |
_qpdf _i0.00 _ldisable |
|
| 942 |
_cKNG _n0 _03 _s1 |
||
| 944 |
_aCR _c05.12.2016 _kНора_Радева |
||
| 944 |
_aED _c01.08.2017 _kВиолета_Тройчева |
||
| 999 | _d188385 | ||